Women participation in communist frontal movements : (Record no. 142771)

MARC details
000 -LEADER
fixed length control field 00649nam a22001937a 4500
005 - DATE AND TIME OF LATEST TRANSACTION
control field 20170721144047.0
010 ## - LCCN (DPL NO)
LC control number ENG-119278
020 ## - INTERNATIONAL STANDARD BOOK NUMBER
International Standard Book Number 9788180642180
Terms of availability 250.00
035 ## - SYSTEM CONTROL NUMBER
System control number EN-102810
037 ## - SOURCE OF ACQUISITION
Source of stock number/acquisition DBAD/PUB
082 ## - DEWEY DECIMAL CLASSIFICATION NUMBER
Classification number 320.42095414
100 ## - MAIN ENTRY--PERSONAL NAME
Personal name Hore,Bratati
245 ## - TITLE STATEMENT
Title Women participation in communist frontal movements :
Statement of responsibility, etc by Bratati Hore
Remainder of title a case study of Bengal 1942-1947 /
260 ## - PUBLICATION, DISTRIBUTION, ETC. (IMPRINT)
Name of publisher, distributor, etc Progressive Publishers
Place of publication, distribution, etc Kolkata
Date of publication, distribution, etc 2016
270 ## - ADDRESS
Address 37A,College Street
City Kolkata
Postal code 700073
300 ## - PHYSICAL DESCRIPTION
Extent 328p.
Dimensions 22cm (Hb)
500 ## - GENERAL NOTE
General note Includes bibliographical references and index
942 ## - ADDED ENTRY ELEMENTS (KOHA)
Source of classification or shelving scheme Dewey Decimal Classification
Item type English Books
Classification part 320.72095414
Call number suffix HOR
Holdings
Withdrawn status Lost status Not for loan Collection code Home library Current library Date acquired Source of acquisition Cost, normal purchase price Full call number Barcode Copy number Cost, replacement price Koha item type
    Not For Loan Non-fiction D.B.Act.Division Bawana 21/07/2017 DBAD/PUB 250.00 320.72095414 HOR EN-102810 1 250.00 English Books

© Delhi Public Library
Hit Counter
free hit counter